000 00347nam a2200133Ia 4500
008 151001s9999||||xx |||||||||||||| ||und||
100 _a कुश्नचंदर
245 _aचंबल कि चमेली
250 _a1
260 _bहिंद पॉकेट बुक्स
260 _c1977
300 _a195
365 _b16
999 _c961492
_d961489